=LDR 00000nam 2200000 4500 =001 INLIS000000000027523 =005 20220310110451 =035 ##$$a 0010-061300000027523 =008 220310################g##########0#ind## =041 ##$$a Ind =082 ##$$a 808.02 =090 ##$$a 070.44, Adn m =100 ##$$a Adnan,Zifirdaus =245 1#$$a Merebut hati audiens internasional : $b :Strategi ampuh menarik publikasi di jurnal ilmiah /$c Drs. Zifirdaus Adnan, B.A. Hons. M.A.,Dra. I. Zifirdaus, M.Ed. =260 ##$$a Jakarta :$b Gramedia Pustaka Utama,$c 2005 =300 ##$$a vii,136 hlm : $b ilus. ; $c 21 x 14 cm. =650 #4$$a Jurnalisme-Kepengarangan =700 #$$a Zifirdaus I =850 ##$$a NBPNMAT =020 ##$$a 979-22-1737-1 =084 ##$$a 808.02 ADN m =990 ##$$a 20705472 =990 ##$$a 20705471 =990 ##$$a 20705471 =990 ##$$a 20705472